Statistics for Markus Quotes!

Click here to take the quiz!

General Stats

  • This quiz has been taken 5 times
  • The average score is 4 of 20

Answer Stats

HintAnswer% Correct
Don't talk to ___me
100%
I'm doing work, don't talk to ___me
67%
Don't disrespect my ___authority
33%
Two more ___days
33%
Social ___distancing
33%
Are you a South Park ___fan?
33%
Can you do shift, control, Q ___Q
33%
Yes, I was here for ___that
33%
Dog ___water
33%
Well, school wise, 3 feet is the minimum ___amount
0%
Okay, ___and?
0%
You want my sickness, you ___bored?
0%
Thief ___hundred
0%
I'm doing hacking work, ___okay?
0%
Hey, Caleb can you do ___that?
0%
I like ___that
0%
Get going on what ___though?
0%
Okay then you don't know what this reference is ___to
0%
This is ___today
0%
We don't count ___today
0%

Score Distribution

Percentile by Number Answered

Percent of People with Each Score

Your Score History

You have not taken this quiz